| Tag |
First Indicator |
Second Indicator |
Subfields |
| LEADER |
00000cam a2200000 i 4500 |
| 001 |
in00000676621 |
| 005 |
20151016050720.0 |
| 008 |
780801s1950 ce abf f00010 eng d |
| 035 |
|
|
|a (OCoLC)04100749
|
| 035 |
|
|
|9 ADA6451AM
|
| 040 |
|
|
|a AZU
|c AZU
|d TXA
|d UtOrBLW
|
| 049 |
|
|
|a TXAM
|c [642511]
|
| 090 |
|
|
|a QL556
|b .W6 1950
|
| 100 |
1 |
|
|a Woodhouse, Lionel Gilbert Ollyett.
|
| 245 |
1 |
4 |
|a The butterfly fauna of Ceylon /
|c by L. G. O. Woodhouse.
|
| 250 |
|
|
|a 2d (abridged) ed.
|
| 264 |
|
1 |
|a Colombo :
|b Ceylon Government Press,
|c 1950.
|
| 300 |
|
|
|a xvi, 133 pages :
|b illustrations, map, 49 color plates ;
|c 31 cm.
|
| 336 |
|
|
|a text
|b txt
|2 rdacontent
|
| 337 |
|
|
|a unmediated
|b n
|2 rdamedia
|
| 338 |
|
|
|a volume
|b nc
|2 rdacarrier
|
| 650 |
|
0 |
|a Butterflies
|z Sri Lanka.
|
| 999 |
|
|
|a MARS
|
| 999 |
f |
f |
|s 55398d7f-f0b3-352e-a355-7e576b0b50d2
|i 630b8209-ad8f-3f42-b1da-a6797e001e8c
|t 0
|
| 952 |
f |
f |
|p ric
|a Texas A&M University
|b Rellis Campus
|c Joint Library Facility
|d Remote Storage
|t 0
|e QL556 .W6 1950
|h Library of Congress classification
|i unmediated -- volume
|m A14804950872
|
| 998 |
f |
f |
|a QL556 .W6 1950
|t 0
|l Remote Storage
|